<?xml version="1.0" encoding="UTF-8"?>
<record
    xmlns:xsi="http://www.w3.org/2001/XMLSchema-instance"
    xsi:schemaLocation="http://www.loc.gov/MARC21/slim http://www.loc.gov/standards/marcxml/schema/MARC21slim.xsd"
    xmlns="http://www.loc.gov/MARC21/slim">

  <leader>00564nam a22001337a 4500</leader>
  <datafield tag="040" ind1=" " ind2=" ">
    <subfield code="c">RUA</subfield>
  </datafield>
  <datafield tag="082" ind1=" " ind2=" ">
    <subfield code="a">AGR ON 2011 B048 Or.1</subfield>
  </datafield>
  <datafield tag="100" ind1=" " ind2=" ">
    <subfield code="a">ON SEYHA</subfield>
  </datafield>
  <datafield tag="245" ind1=" " ind2=" ">
    <subfield code="a">Pesticide utilizeration on vegetables in saang district, kadal province,(&#x1780;&#x17B6;&#x179A;&#x1794;&#x17D2;&#x179A;&#x17BE;&#x1794;&#x17D2;&#x179A;&#x17B6;&#x179F;&#x17CB;&#x1790;&#x17D2;&#x1793;&#x17C6;&#x17B6;&#x1780;&#x179F;&#x17B7;&#x1780;&#x1798;&#x17D2;&#x1798;&#x179B;&#x17BE;&#x178A;&#x17C6;&#x178E;&#x17B6;&#x17C6;&#x1793;&#x1794;&#x17D2;&#x179B;&#x17C2;&#x1793;&#x17C5;&#x179F;&#x17D2;&#x179A;&#x17BB;&#x1780;&#x179F;&#x17D2;&#x17A2;&#x17B6;&#x1784;)</subfield>
  </datafield>
  <datafield tag="260" ind1=" " ind2=" ">
    <subfield code="a">phnom penh </subfield>
    <subfield code="b">RUA </subfield>
    <subfield code="c">2011</subfield>
  </datafield>
  <datafield tag="300" ind1=" " ind2=" ">
    <subfield code="a">xv, 52p.</subfield>
    <subfield code="c">ill.</subfield>
  </datafield>
  <datafield tag="856" ind1=" " ind2=" ">
    <subfield code="u">https://drive.google.com/file/d/14e40ImSZJoh97gRrSguvuAzyx3mncQJJ/view?usp=sharing</subfield>
  </datafield>
  <datafield tag="942" ind1=" " ind2=" ">
    <subfield code="c">AGR</subfield>
  </datafield>
  <datafield tag="999" ind1=" " ind2=" ">
    <subfield code="c">1137</subfield>
    <subfield code="d">1137</subfield>
  </datafield>
  <datafield tag="952" ind1=" " ind2=" ">
    <subfield code="0">0</subfield>
    <subfield code="1">0</subfield>
    <subfield code="4">0</subfield>
    <subfield code="6">AGR_ON_2011_000000000000000_B048_OR_1</subfield>
    <subfield code="7">0</subfield>
    <subfield code="9">4665</subfield>
    <subfield code="a">LBB</subfield>
    <subfield code="b">LBB</subfield>
    <subfield code="c">B048</subfield>
    <subfield code="d">2015-09-23</subfield>
    <subfield code="l">4</subfield>
    <subfield code="o">AGR ON 2011 B048 Or.1</subfield>
    <subfield code="p">RUA036054</subfield>
    <subfield code="r">2022-05-12</subfield>
    <subfield code="s">2022-04-04</subfield>
    <subfield code="y">AGR</subfield>
  </datafield>
  <datafield tag="952" ind1=" " ind2=" ">
    <subfield code="0">0</subfield>
    <subfield code="1">0</subfield>
    <subfield code="2">ddc</subfield>
    <subfield code="4">0</subfield>
    <subfield code="6">AGR_ON_2011_000000000000000_B048_OR_2</subfield>
    <subfield code="7">0</subfield>
    <subfield code="9">4666</subfield>
    <subfield code="a">LBB</subfield>
    <subfield code="b">LBB</subfield>
    <subfield code="c">B048</subfield>
    <subfield code="d">2015-09-23</subfield>
    <subfield code="l">1</subfield>
    <subfield code="o">AGR ON 2011 B048 Or.2</subfield>
    <subfield code="p">RUA006606</subfield>
    <subfield code="r">2016-10-05</subfield>
    <subfield code="s">2016-09-19</subfield>
    <subfield code="w">2015-09-23</subfield>
    <subfield code="y">AGR</subfield>
  </datafield>
  <datafield tag="952" ind1=" " ind2=" ">
    <subfield code="0">0</subfield>
    <subfield code="1">0</subfield>
    <subfield code="2">ddc</subfield>
    <subfield code="4">0</subfield>
    <subfield code="6">AGR_ON_2011_000000000000000_B048_OR_3</subfield>
    <subfield code="7">0</subfield>
    <subfield code="9">4667</subfield>
    <subfield code="a">LBB</subfield>
    <subfield code="b">LBB</subfield>
    <subfield code="c">B048</subfield>
    <subfield code="d">2015-09-23</subfield>
    <subfield code="l">1</subfield>
    <subfield code="o">AGR ON 2011 B048 Or.3</subfield>
    <subfield code="p">RUA000698</subfield>
    <subfield code="r">2019-02-20</subfield>
    <subfield code="s">2019-01-29</subfield>
    <subfield code="w">2015-09-23</subfield>
    <subfield code="y">AGR</subfield>
  </datafield>
  <datafield tag="952" ind1=" " ind2=" ">
    <subfield code="0">0</subfield>
    <subfield code="1">0</subfield>
    <subfield code="2">ddc</subfield>
    <subfield code="4">0</subfield>
    <subfield code="6">AGR_ON_2011_000000000000000_B048_OR_4</subfield>
    <subfield code="7">0</subfield>
    <subfield code="9">4668</subfield>
    <subfield code="a">LBB</subfield>
    <subfield code="b">LBB</subfield>
    <subfield code="c">B048</subfield>
    <subfield code="d">2015-09-23</subfield>
    <subfield code="l">1</subfield>
    <subfield code="o">AGR ON 2011 B048 Or.4</subfield>
    <subfield code="p">RUA000770</subfield>
    <subfield code="r">2016-04-22</subfield>
    <subfield code="s">2016-03-19</subfield>
    <subfield code="w">2015-09-23</subfield>
    <subfield code="y">AGR</subfield>
  </datafield>
  <datafield tag="952" ind1=" " ind2=" ">
    <subfield code="0">0</subfield>
    <subfield code="1">0</subfield>
    <subfield code="2">ddc</subfield>
    <subfield code="4">0</subfield>
    <subfield code="6">AGR_ON_2011_000000000000000_B048_OR_5</subfield>
    <subfield code="7">0</subfield>
    <subfield code="9">4669</subfield>
    <subfield code="a">LBB</subfield>
    <subfield code="b">LBB</subfield>
    <subfield code="c">B048</subfield>
    <subfield code="d">2015-09-23</subfield>
    <subfield code="o">AGR ON 2011 B048 Or.5</subfield>
    <subfield code="p">RUA006338</subfield>
    <subfield code="r">2015-09-23</subfield>
    <subfield code="w">2015-09-23</subfield>
    <subfield code="y">AGR</subfield>
  </datafield>
  <datafield tag="952" ind1=" " ind2=" ">
    <subfield code="0">0</subfield>
    <subfield code="1">0</subfield>
    <subfield code="2">ddc</subfield>
    <subfield code="4">0</subfield>
    <subfield code="6">AGR_ON_2011_000000000000000_B048_OR_6</subfield>
    <subfield code="7">0</subfield>
    <subfield code="9">4670</subfield>
    <subfield code="a">LBB</subfield>
    <subfield code="b">LBB</subfield>
    <subfield code="c">B048</subfield>
    <subfield code="d">2015-09-23</subfield>
    <subfield code="l">1</subfield>
    <subfield code="o">AGR ON 2011 B048 Or.6</subfield>
    <subfield code="p">RUA006616</subfield>
    <subfield code="r">2016-10-04</subfield>
    <subfield code="s">2016-09-19</subfield>
    <subfield code="w">2015-09-23</subfield>
    <subfield code="y">AGR</subfield>
  </datafield>
</record>
